Estatísticas para Capital do Estado Brasileiro#3

Clique aqui para jogar o quiz

Estatísticas Gerais

  • Esse quiz foi jogado 50 vezes
  • A pontuação média é 6 de 6

Estatísticas das Respostas

EstadoCapital% Correto
Rio de JaneiroRio de Janeiro
100%
GoiásGoiânia
98%
AmazonasManaus
96%
Mato GrossoCuiabá
91%
CearáFortaleza
91%
SergipeAracaju
87%

Distribuição das Pontuações

Percentil de Números Respondidos

Porcentagem de Pessoas com Cada Pontuação

Sua Pontuação Histórica

Você não jogou esse quiz